Statistics for Fast Typing: Countries A to Z

Click here to take the quiz!

General Stats

  • This quiz has been taken 2,235 times
  • The average score is 7 of 24

Answer Stats

% Correct
A
89%
B
81%
C
77%
D
62%
E
49%
F
46%
G
37%
I
28%
H
26%
J
19%
M | O | U
17%
Y
13%
N | Q | Z
12%
K | P
11%
L
10%
R
9%
S
8%
T
7%
V
5%

Score Distribution

Percentile by Number Answered

Percent of People with Each Score

Your Score History

You have not taken this quiz